000 00901cam a22003015a 4500
001 SSB061643 SSB062137
003 SISC
005 20170123091049.0
008 111109s2013 ohua b 001 0 eng
010 _a2011943157
020 _a9781111533922
020 _a111153392X
040 _aDLC
_cDLC
042 _apcc
050 _aHD 38.5
_b.M311 2013
245 0 _aManaging supply chains :
_ba logistics approach /
_cJohn J. Coyle.
250 _a9th edition.
260 _aMason, OH :
_bSouth-Western Cengage Learning,
_c2013.
300 _axxv, 693 pages :
_billustrations ;
_c26 cm.
504 _aIncludes bibliographical references and indexes.
521 _aBusiness Administration
650 0 _aBusiness logistics.
700 _aGibson, Brian J.
700 _aNovack, Robert A.
700 _aLangley, C. John Jr.
700 1 _aCoyle, John Joseph,
_d1935-
942 _2lcc
_cBK
999 _c283658
_d283658